000
00246nam a2200097Ia 4500
005
20251222114356.0
008
251222s1900||||xx |||||||||||||| ||spa||
082
_a
DVD0090/S66/2005
245
0
_a
Imagina: John Lennon:Imagine: John Lennon
942
_c
DVD
999
_c
1444
_d
1444